Most Popular Baby Boy Names of the 1980s - Statistics

General Stats
  • This quiz has been taken 62 times
  • The average score is 92 of 200
Answer Stats
name % Correct
John
96%
Jon
96%
Michael
92%
James
90%
Andre
88%
Marc
88%
Mark
88%
Mathew
88%
Matthew
88%
Robert
88%
Jesus
86%
Andrew
84%
David
84%
George
84%
Jack
84%
Richard
84%
William
84%
Edward
82%
Jose
82%
Paul
82%
Peter
80%
Stephen
80%
Steven
80%
Thomas
80%
Alex
78%
Charles
78%
Danny
78%
Henry
78%
Joseph
78%
Samuel
78%
Christopher
76%
Frank
76%
Jonathan
76%
Jonathon
76%
Kevin
76%
Kristopher
76%
Adam
73%
Daniel
73%
Eric
73%
Luke
73%
Alexander
71%
Benjamin
71%
Jacob
71%
Nicholas
71%
Zachary
71%
Joshua
69%
Donald
67%
Jason
67%
Joe
67%
Patrick
67%
Timothy
65%
Allen
63%
Anthony
63%
Brian
63%
Gregory
63%
Larry
63%
Lucas
63%
Marcus
63%
Sean
63%
Shaun
63%
Shawn
63%
Nathan
61%
Victor
61%
Billy
59%
Isaac
59%
Kenneth
59%
Aaron
57%
Alan
57%
Bobby
57%
Martin
57%
Phillip
57%
Ronald
57%
Carl
55%
Geoffrey
55%
Jeffery
55%
Jeffrey
55%
Jordan
55%
Kyle
55%
Ryan
55%
Brandon
53%
Christian
53%
Frederick
53%
Gary
53%
Jeremy
53%
Justin
53%
Scott
53%
Vincent
53%
Evan
51%
Ian
51%
Juan
51%
Lawrence
51%
Keith
49%
Louis
49%
Oscar
49%
Logan
47%
Brad
45%
Dennis
45%
Derek
45%
Jerry
45%
Nathaniel
45%
Raymond
45%
Tyler
45%
Bradley
43%
Jamie
43%
Darren
41%
Douglas
41%
Jimmy
41%
Philip
41%
Albert
39%
Arthur
39%
Colin
39%
Carlos
37%
Jay
37%
Jeremiah
37%
Julian
37%
Ricky
37%
Brendan
35%
Dylan
35%
Gabriel
35%
Joel
35%
Tony
35%
Brent
33%
Bruce
33%
Johnny
33%
Miguel
33%
Seth
33%
Taylor
33%
Trevor
33%
Walter
33%
Wayne
33%
Adrian
31%
Cory
31%
Craig
31%
Gerald
31%
Jesse
31%
Roger
31%
Shane
31%
Travis
31%
Blake
29%
Brett
29%
Caleb
29%
Cameron
29%
Drew
29%
Alejandro
27%
Grant
27%
Randy
27%
Terry
27%
Austin
24%
Bryan
24%
Chad
24%
Cody
24%
Dustin
24%
Jared
24%
Randall
24%
Roberto
24%
Todd
24%
Troy
24%
Wesley
24%
Antonio
22%
Casey
22%
Curtis
22%
Edwin
22%
Mario
22%
Mitchell
22%
Devin
20%
Erik
20%
Jorge
20%
Lee
20%
Ricardo
20%
Chase
18%
Corey
18%
Javier
18%
Ross
18%
Russell
18%
Derrick
16%
Garrett
16%
Roy
16%
Willie
16%
Calvin
14%
Francisco
14%
Lance
14%
Luis
14%
Manuel
14%
Angel
12%
Maurice
12%
Reginald
12%
Spencer
12%
Darrell
10%
Clayton
8%
Hector
8%
Jaime
8%
Johnathan
8%
Rodney
8%
Fernando
6%
Jermaine
6%
Ruben
6%
Micheal
4%
Omar
4%
Clinton
2%
Sergio
2%
No matching quizzes found
Score Distribution
Percent of People with Each Score
Percentile by Number Answered
Your Score History
You have not taken this quiz